Derivatives and risk management (Record no. 255513)

MARC details
000 -LEADER
fixed length control field 00617nam a2200217Ia 4500
008 - FIXED-LENGTH DATA ELEMENTS--GENERAL INFORMATION
fixed length control field 191130s2010##################000#0#eng##
020 ## - INTERNATIONAL STANDARD BOOK NUMBER
ISBN 9780198064343
082 ## - DEWEY DECIMAL CLASSIFICATION NUMBER
Classification number 658.155 RAJ
100 ## - MAIN ENTRY--AUTHOR NAME
Personal name Srivastava, Rajiv
245 ## - TITLE STATEMENT
Title Derivatives and risk management
Statement of responsibility, etc Rajiv Srivastava
260 ## - PUBLICATION, DISTRIBUTION, ETC. (IMPRINT)
Place of publication New Delhi
Name of publisher Oxford University Press
Year of publication 2010
300 ## - PHYSICAL DESCRIPTION
Number of Pages xvi, 592 p. : ill. ; 25 cm.
500 ## - GENERAL NOTE
General note Includes index
650 ## - SUBJECT ADDED ENTRY--TOPICAL TERM
Topical Term Derivative securities
Topical Term Risk management
991 ## -
-- 194607
Holdings
Withdrawn status Lost status Damaged status Not for loan Home library Current library Shelving location Date acquired Full call number Accession Number Price effective from Koha item type
        Anna Centenary Library Anna Centenary Library 6TH FLOOR, A WING 13.10.2020 658.155 RAJ 110993 13.10.2020 English Books

Find us on the map